الفوائد ;; al fawayid / (Record no. 81101)
[ view plain ]
| 000 -LEADER | |
|---|---|
| fixed length control field | 00696cam a2200217 i 4500 |
| 001 - CONTROL NUMBER | |
| control field | 81101 |
| 003 - CONTROL NUMBER IDENTIFIER | |
| rucl marc code | BD-RjUL |
| 005 - DATE AND TIME OF LATEST TRANSACTION | |
| control field | 20240121131355.0 |
| 008 - FIXED-LENGTH DATA ELEMENTS--GENERAL INFORMATION | |
| fixed length control field | 230121s1951 ii b 001 0cu |
| 035 ## - SYSTEM CONTROL NUMBER | |
| System control number | (BD-RjUL)81101 |
| 040 ## - CATALOGING SOURCE | |
| Original cataloging agency | DLC |
| Language of cataloging | eng |
| Description conventions | rda |
| Transcribing agency | DLC |
| 041 ## - LANGUAGE CODE | |
| Language code of text/sound track or separate title | ara |
| 082 ## - DEWEY DECIMAL CLASSIFICATION NUMBER | |
| Edition number | 23 |
| Classification number | 892..75 |
| Author mark and year | QAF 1951 |
| 100 0# - MAIN ENTRY--PERSONAL NAME | |
| Personal name | جونپوری٫ ملا محمود ;; Jaunpuri by Mulla Mahmood |
| 9 (RLIN) | 248863 |
| 245 13 - TITLE STATEMENT | |
| Title | الفوائد ;; al fawayid / |
| Statement of responsibility, etc. | ملا محمود جونپوری ;; Mulla Mahmood Jaunpuri |
| 250 ## - EDITION STATEMENT | |
| Edition statement | al-Ṭabʻah al-ūlá.;; الطبعة الأولى. |
| 264 #1 - PRODUCTION, PUBLICATION, DISTRIBUTION, MANUFACTURE, AND COPYRIGHT NOTICE | |
| Place of production, publication, distribution, manufacture | Kanpur : |
| Name of producer, publisher, distributor, manufacturer | dar matbah qaiumi, |
| Date of production, publication, distribution, manufacture, or copyright notice | 1951 |
| 300 ## - PHYSICAL DESCRIPTION | |
| Pagination | 208 p. ; |
| Size | 25 cm |
| 650 ## - SUBJECT ADDED ENTRY--TOPICAL TERM | |
| Topical term or geographic name as entry element | Islam |
| 942 ## - ADDED ENTRY ELEMENTS (KOHA) | |
| Source of classification or shelving scheme | Dewey Decimal Classification |
| Koha item type | Books |
| Lost status | Source of classification or shelving scheme | Damaged status | Not for loan | Collection code | Permanent Location | Current Location | Shelving location | Date acquired | Full call number | Date last seen | Copy number | Koha item type |
|---|---|---|---|---|---|---|---|---|---|---|---|---|
| Dewey Decimal Classification | Not For Loan | Non-fiction | Central Library, University of Rajshahi | Central Library, University of Rajshahi | Reading Room | 29/08/1987 | A 892.75 QAF 1951 | 19/01/2023 | C-1 | Books |